000 00361nam a2200133Ia 4500
008 230525s9999 xx 000 0 und d
082 _a913.044
_bMODU
100 _aMODI,vidthaldas ; MODI,Vithaldas
245 0 _aUrop Yatra ek prakratik chikitsak ki
260 _aGorakhapur
_bAarogya Mandir
_c1993
300 _a167
650 _aGeography/Travel
942 _cBK
999 _c3086
_d3086